| 000 | 01021 a2200361 4500 | ||
|---|---|---|---|
| 001 | 58374 | ||
| 999 |
_c58374 _d21218 |
||
| 003 | TR-AnTOB | ||
| 005 | 20200604163329.0 | ||
| 008 | 070114s2006 enk 000 0 eng | ||
| 020 | _a0713999128 | ||
| 035 | _a58374 | ||
| 040 |
_aDLC _cDLC |
||
| 041 | _aeng | ||
| 042 | _apcc | ||
| 050 |
_aD843 _b.G22 2006 |
||
| 090 | _aD843 .G22 2006 | ||
| 100 |
_aGaddis, John Lewis _930948 |
||
| 245 | 4 |
_aThe Cold War / John Lewis Gaddis / _cJohn Lewis Gaddis. |
|
| 264 | 1 |
_aLondon : _bAllen Lane, _c2006. |
|
| 300 |
_ax, 333 p., [16] p. of plates : _bill., maps ; _c25 cm. |
||
| 650 | 7 |
_aDünya politikası _y1945-1989 _2etuturkob _925087 |
|
| 650 | 0 |
_aWorld politics _y1945-1989 _91346 |
|
| 650 |
_aCold War _91348 |
||
| 650 |
_aSoğuk savaş _930949 |
||
| 901 | _a0017940 | ||
| 902 | _aGT | ||
| 906 |
_bibc _corigres _du _encip _f20 _gy-gencatlg |
||
| 923 |
_b909 _d060330 _nB05F 4837801 _sCaONFCNI |
||
| 925 |
_aacquire _b1 shelf copy _xpolicy default |
||
| 985 | _eVENDOR LOAD | ||
| 942 | _cBK | ||